| Tag |
First Indicator |
Second Indicator |
Subfields |
| LEADER |
00000cam a2200000Ka 4500 |
| 001 |
in00002201670 |
| 006 |
m d f |
| 007 |
cr ||||||||||| |
| 008 |
060817s2006 dcu ob f000 0 eng d |
| 005 |
20230113213813.8 |
| 035 |
|
|
|a (OCoLC)ocm70927918
|
| 040 |
|
|
|a GPO
|b eng
|c GPO
|d MvI
|
| 049 |
|
|
|a WWW
|
| 074 |
|
|
|a 0461-A-01 (online)
|
| 086 |
0 |
|
|a ED 1.102:ED 8/6
|
| 088 |
|
|
|a NCES 2006-309
|
| 245 |
0 |
4 |
|a The postsecondary educational experiences of high school career & technical education concentrators
|h [electronic resource] :
|b selected results from the NELS:88/2000 Postsecondary Education Transcript Study (PETS) 2000.
|
| 246 |
3 |
|
|a Postsecondary educational experiences of high school career and technical education concentrators
|
| 246 |
3 |
0 |
|a Selected results from the National Education Longitudinal Study:88/2000 Postsecondary Education Transcript Study (PETS) 2000
|
| 264 |
|
1 |
|a [Washington, D.C.] :
|b United States Dept. of Education, National Center for Education Statistics,
|c [2006]
|
| 300 |
|
|
|a 109 pages :
|b digital, PDF file
|
| 336 |
|
|
|a text
|b txt
|2 rdacontent
|
| 337 |
|
|
|a computer
|b c
|2 rdamedia
|
| 338 |
|
|
|a online resource
|b cr
|2 rdacarrier
|
| 538 |
|
|
|a Mode of access: Internet from the NCES web site. Address as of 8/17/2006: http://nces.ed.gov/pubs2006/2006309.pdf; current access available via PURL.
|
| 500 |
|
|
|a Title from title screen (viewed on Aug. 17, 2006).
|
| 500 |
|
|
|a "July 2006."
|
| 500 |
|
|
|a "NCES 2006-309."
|
| 500 |
|
|
|a GPO Cataloging Record Distribution Program (CRDP).
|
| 504 |
|
|
|a Includes bibliographical references.
|
| 650 |
|
0 |
|a Postsecondary education
|0 http://id.loc.gov/authorities/subjects/sh92004876
|z United States.
|0 http://id.loc.gov/authorities/names/n78095330
|
| 650 |
|
0 |
|a Vocational school students
|0 http://id.loc.gov/authorities/subjects/sh85144203
|z United States.
|0 http://id.loc.gov/authorities/names/n78095330
|
| 710 |
2 |
|
|a National Center for Education Statistics.
|0 http://id.loc.gov/authorities/names/n79043172
|
| 856 |
4 |
0 |
|u https://purl.fdlp.gov/GPO/LPS73187
|t 0
|
| 999 |
f |
f |
|s af194bde-3f2e-4f5d-9dc0-c8860de87666
|i f01531c9-eef4-3596-b59e-2427031a4b7a
|t 0
|
| 952 |
f |
f |
|a Texas A&M University
|b College Station
|c Electronic Resources
|d Available Online
|t 0
|e ED 1.102:ED 8/6
|h Superintendent of Documents classification
|
| 998 |
f |
f |
|a ED 1.102:ED 8/6
|t 0
|l Available Online
|